[Event "World-chT Rapid"]
[Site "Dusseldorf"]
[Date "2023.08.26"]
[Round "3.16"]
[White "Miesen, Sander"]
[Black "Berndt, Matthias"]
[Result "0-1"]
[WhiteElo "2102"]
[BlackElo "2072"]
[PlyCount "84"]
[EventDate "2023.08.26"]
[EventType "team-swiss (rapid)"]
[EventRounds "12"]
[EventCountry "GER"]
[SourceTitle "CBM 215 Extra"]
[Source "ChessBase"]
[SourceDate "2023.09.30"]
[SourceVersion "1"]
[SourceVersionDate "2023.09.30"]
[SourceQuality "1"]
[WhiteTeam "Lausanne Ecole Polytechnique"]
[BlackTeam "Magdeburg and Friends"]
[WhiteTeamCountry "SUI"]
[BlackTeamCountry "GER"]

1. d4 d5 2. Bf4 Nf6 3. e3 e6 4. Nf3 c5 5. c3 Nc6 6. Nbd2 Bd6 7. Bg3 Bxg3 8. hxg3 Qd6 9. Bb5 a6 10. Bxc6+ bxc6 11. Ne5 cxd4 12. cxd4 c5 13. Qa4+ Ke7 14. 0-0 Bd7 15. Qa3 Rhc8 16. Rfc1 cxd4 17. Qxd6+ Kxd6 18. exd4 Be8 19. f3 Rab8 20. Nb3 Nd7 21. Nxd7 Bxd7 22. Nc5 Rxb2 23. a4 a5 24. Rab1 Rb4 25. Rxb4 axb4 26. Rb1 Rb8 27. a5 Bc8 28. Kf2 Kc6 29. Nd3 b3 30. Ne5+ Kc7 31. Nxf7 Ba6 32. Ke3 Rb4 33. Ng5 Kd6 34. f4 Bc4 35. Kd2 Ra4 36. Kc3 Rxa5 37. Re1 Ra2 38. Nxe6 Rc2+ 39. Kb4 b2 40. Nc5 Rc1 41. Re6+ Kc7 42. Re7+ Kd8 0-1

[Event "WchT Seniors 50"]
[Site "Prague"]
[Date "2020.03.11"]
[Round "6.3"]
[White "Ohlson, Cecil"]
[Black "Berndt, Matthias"]
[Result "0-1"]
[WhiteElo "1643"]
[BlackElo "2098"]
[PlyCount "86"]
[EventDate "2020.03.06"]
[EventType "team-swiss"]
[EventRounds "7"]
[EventCountry "CZE"]
[SourceTitle "CBM 195 Extra"]
[Source "ChessBase"]
[SourceDate "2020.05.31"]
[SourceVersion "1"]
[SourceVersionDate "2020.05.31"]
[SourceQuality "1"]
[WhiteTeam "South Africa 50"]
[BlackTeam "Germany 50 III"]
[WhiteTeamCountry "RSA"]
[BlackTeamCountry "GER"]

1. e4 e6 2. d4 d5 3. e5 c5 4. c3 Nc6 5. Nf3 Bd7 6. Bd3 Nge7 7. 0-0 Ng6 8. Re1 f6 9. Bxg6+ hxg6 10. exf6 gxf6 11. dxc5 Kf7 12. Be3 a5 13. a3 a4 14. Nbd2 Qc7 15. b4 axb3 16. Nxb3 Be7 17. Nbd4 Nd8 18. Nb3 Ba4 19. Rb1 Ra5 20. Bd4 Bxb3 21. Rxb3 Bxc5 22. Ne5+ Kg7 23. Qc2 f5 24. Nxg6+ Bxd4 25. Nxh8 Kxh8 26. Qd2 Bg7 27. Qg5 Kg8 28. Re3 Ra4 29. Rg3 Kf8 30. Qh5 d4 31. Qh4 Rc4 32. Rd3 Qe7 33. Qf4 Rxc3 34. g4 Ke8 35. gxf5 Rxd3 36. Rxd3 e5 37. Qe4 Nf7 38. Rg3 Nd6 39. Qg4 Bf6 40. Qd1 Qh7 41. Rg6 Qf7 42. Qa4+ Ke7 43. Qc2 Qc4 0-1

[Event "WchT Seniors 50"]
[Site "Prague"]
[Date "2020.03.06"]
[Round "1.17"]
[White "Berndt, Matthias"]
[Black "Jenssen, Ove S"]
[Result "1-0"]
[WhiteElo "2098"]
[BlackElo "1812"]
[PlyCount "77"]
[EventDate "2020.03.06"]
[EventType "team-swiss"]
[EventRounds "7"]
[EventCountry "CZE"]
[SourceTitle "CBM 195 Extra"]
[Source "ChessBase"]
[SourceDate "2020.05.31"]
[SourceVersion "1"]
[SourceVersionDate "2020.05.31"]
[SourceQuality "1"]
[WhiteTeam "Germany 50 III"]
[BlackTeam "Norway 50"]
[WhiteTeamCountry "GER"]
[BlackTeamCountry "NOR"]

1. e4 e6 2. d3 d5 3. Nd2 f5 4. Qe2 Be7 5. Ngf3 c5 6. exf5 exf5 7. d4 cxd4 8. Nxd4 Nf6 9. N2b3 0-0 10. Qf3 Nc6 11. Be2 Ne4 12. Bf4 g5 13. Nxc6 bxc6 14. Be5 g4 15. Qd3 a5 16. c3 a4 17. Nd4 Qb6 18. 0-0 Bf6 19. Bf4 Qxb2 20. Nxc6 Be6 21. Nd4 Bf7 22. Nxf5 Nxc3 23. Bxg4 Bg6 24. Rac1 Rae8 25. Rc2 Qb4 26. g3 Bg7 27. Rxc3 Qxc3 28. Qxd5+ Kh8 29. Nxg7 Kxg7 30. Rc1 Re1+ 31. Kg2 Qb4 32. Rc7+ Rf7 33. Rxf7+ Bxf7 34. Qg5+ Bg6 35. Be5+ Rxe5 36. Qxe5+ Kh6 37. Kf3 a3 38. h4 Qb2 39. Qe7 1-0

[Event "Hessenliga 1921"]
[Site "Hessen"]
[Date "2020.01.26"]
[Round "5.5"]
[White "Artola Pola, Gerardo"]
[Black "Berndt, Matthias"]
[Result "0-1"]
[WhiteElo "2010"]
[BlackElo "2065"]
[PlyCount "62"]
[EventDate "2019.09.22"]
[EventType "team-tourn"]
[EventRounds "9"]
[EventCountry "GER"]
[SourceTitle "EXT 2024"]
[Source "ChessBase"]
[SourceDate "2023.10.10"]
[SourceVersion "1"]
[SourceVersionDate "2023.10.10"]
[SourceQuality "1"]
[WhiteTeam "Frankfurt TV"]
[BlackTeam "Fulda"]
[WhiteTeamCountry "GER"]
[BlackTeamCountry "GER"]

1. e4 e6 2. d4 d5 3. Nc3 Nf6 4. e5 Nfd7 5. f4 c5 6. Nf3 Nc6 7. Be3 Be7 8. Qd2 b6 9. Bb5 Bb7 10. 0-0 f5 11. g4 fxg4 12. Ng5 Bxg5 13. fxg5 cxd4 14. Bxd4 Qe7 15. Bxc6 Bxc6 16. Rf4 0-0-0 17. Rxg4 Rdf8 18. a4 Rf5 19. Re1 Rhf8 20. b3 Qf7 21. Qe2 Nxe5 22. Bxe5 Rxe5 23. Qd2 Rf5 24. Qe2 e5 25. Nb5 Kd7 26. Nxa7 Rf2 27. Qa6 Rxc2 28. Qxb6 d4 29. Rxd4+ exd4 30. Qxd4+ Bd5 31. Qg4+ Qf5 0-1

[Event "Groningen op 57th"]
[Site "Groningen"]
[Date "2019.12.26"]
[Round "5"]
[White "Berndt, Matthias"]
[Black "Elgersma, Onno"]
[Result "1/2-1/2"]
[WhiteElo "2065"]
[BlackElo "2319"]
[PlyCount "89"]
[EventDate "2019.12.21"]
[EventType "swiss"]
[EventRounds "9"]
[EventCountry "NED"]
[SourceTitle "CBM 194 Extra"]
[Source "ChessBase"]
[SourceDate "2020.03.31"]
[SourceVersion "1"]
[SourceVersionDate "2020.03.31"]
[SourceQuality "1"]

1. e4 e6 2. d4 d5 3. Nd2 Nf6 4. g3 c5 5. Bg2 Nc6 6. Ngf3 Be7 7. 0-0 0-0 8. Re1 Qc7 9. c3 b5 10. e5 Nd7 11. Qe2 b4 12. c4 Nb6 13. Nf1 Bb7 14. h4 Rfd8 15. N1h2 a5 16. b3 a4 17. Bf4 axb3 18. axb3 Rxa1 19. Rxa1 Ra8 20. Rxa8+ Bxa8 21. Ng5 Bxg5 22. hxg5 Nxd4 23. Qh5 dxc4 24. Bxa8 Nxa8 25. bxc4 Qb7 26. Qd1 Qe4 27. f3 Qf5 28. Qa1 Nc7 29. Qa7 Qb1+ 30. Kg2 Qc2+ 31. Kh3 Ne8 32. Qe7 h5 33. Qxe8+ Kh7 34. Qxf7 Qg6 35. Qxg6+ Kxg6 36. g4 Nb3 37. Nf1 Na5 38. Nd2 b3 39. Be3 b2 40. Nb1 Nxc4 41. Bxc5 hxg4+ 42. Kxg4 Nxe5+ 43. Kg3 Nd3 44. Be3 Kf5 45. Bd2 1/2-1/2

[Event "WchT Seniors 50"]
[Site "Dresden"]
[Date "2018.07.10"]
[Round "4.9"]
[White "Berndt, Matthias"]
[Black "Homer, Stephen J"]
[Result "1-0"]
[WhiteElo "2077"]
[BlackElo "2020"]
[PlyCount "65"]
[EventDate "2018.07.07"]
[EventType "team-swiss"]
[EventRounds "9"]
[EventCountry "GER"]
[SourceTitle "CBM 185 Extra"]
[Source "ChessBase"]
[SourceDate "2018.07.29"]
[SourceVersion "1"]
[SourceVersionDate "2018.07.29"]
[SourceQuality "1"]
[WhiteTeam "Magdeburg TU"]
[BlackTeam "England III"]
[WhiteTeamCountry "GER"]
[BlackTeamCountry "ENG"]

1. e4 c5 2. d3 Nc6 3. g3 g6 4. Bg2 Bg7 5. Nc3 d6 6. Be3 Rb8 7. f4 e6 8. Qd2 Nge7 9. g4 h5 10. gxh5 Rxh5 11. Nf3 Nd4 12. 0-0 Nec6 13. Nd1 Qa5 14. Qf2 Qa4 15. Ne1 Qa5 16. Bd2 Qd8 17. c3 Nb5 18. Nf3 Nc7 19. Qg3 d5 20. Ng5 Qd6 21. Ne3 Kf8 22. Rae1 Bd7 23. Bf3 Rh8 24. h4 b5 25. Re2 d4 26. Ng4 dxc3 27. bxc3 b4 28. cxb4 Nd4 29. Rg2 Nxf3+ 30. Rxf3 Nb5 31. Nxf7 Kxf7 32. Ne5+ Bxe5 33. fxe5+ 1-0

[Event "Hessenliga 1415"]
[Site "Hessen"]
[Date "2014.11.16"]
[Round "3.3"]
[White "Berndt, Matthias"]
[Black "Stickler, Roberto"]
[Result "1-0"]
[WhiteElo "2148"]
[BlackElo "2227"]
[PlyCount "85"]
[EventDate "2014.09.28"]
[EventType "team-tourn"]
[EventRounds "9"]
[EventCountry "GER"]
[SourceTitle "EXT 2016"]
[Source "ChessBase"]
[SourceDate "2015.10.08"]
[SourceVersion "1"]
[SourceVersionDate "2015.10.08"]
[SourceQuality "1"]
[WhiteTeam "Fulda"]
[BlackTeam "Dettingen"]
[WhiteTeamCountry "GER"]
[BlackTeamCountry "GER"]

1. e4 c6 2. d3 d5 3. Nd2 e5 4. Ngf3 Nd7 5. d4 exd4 6. exd5 cxd5 7. Nxd4 g6 8. Qf3 Bg7 9. N2b3 Ngf6 10. Qe3+ Kf8 11. Be2 h5 12. 0-0 Ng4 13. Qf4 Kg8 14. h3 Be5 15. Qg5 Qxg5 16. Bxg5 Bf6 17. Bxf6 Ngxf6 18. Rad1 Nb6 19. Nc5 Ne4 20. Nd3 Kg7 21. Rfe1 Bd7 22. Ne5 Rhd8 23. Bd3 Nc5 24. Rd2 a6 25. b3 Rac8 26. a4 Nxd3 27. Rxd3 Be8 28. f4 Nd7 29. Nxd7 Bxd7 30. Re7 Kf6 31. Rde3 Re8 32. R7e5 Rxe5 33. Rxe5 Rg8 34. Rxd5 Be6 35. Nxe6 Kxe6 36. c4 Rc8 37. Kf2 Rc7 38. Kf3 Kf6 39. g4 hxg4+ 40. hxg4 Ke6 41. Ke4 Rc8 42. c5 Rh8 43. Rd6+ 1-0

[Event "Forchheim op-A 13th"]
[Site "Forchheim"]
[Date "2014.10.03"]
[Round "2"]
[White "Berndt, Matthias"]
[Black "Kolthoff, Siegmund"]
[Result "1/2-1/2"]
[WhiteElo "2148"]
[BlackElo "2073"]
[PlyCount "66"]
[EventDate "2014.10.03"]
[EventType "swiss"]
[EventRounds "5"]
[EventCountry "GER"]
[SourceTitle "EXT 2019"]
[Source "ChessBase"]
[SourceDate "2018.10.10"]
[SourceVersion "1"]
[SourceVersionDate "2018.10.10"]
[SourceQuality "1"]

1. e4 c5 2. Nc3 e6 3. g3 Nc6 4. Bg2 Nf6 5. f4 d5 6. e5 Nd7 7. Nf3 a6 8. Ne2 b5 9. d3 Bb7 10. 0-0 Be7 11. Re1 Qc7 12. Bd2 0-0 13. c3 Rfe8 14. Rc1 Rac8 15. g4 Qb8 16. Be3 a5 17. d4 b4 18. dxc5 Nxc5 19. c4 Red8 20. cxd5 Rxd5 21. Nfd4 Nxd4 22. Nxd4 Rdd8 23. Re2 Bxg2 24. Rxg2 g6 25. Rgc2 Qb7 26. Qf3 Qa6 27. Kg2 Nd3 28. Rxc8 Rxc8 29. Rxc8+ Qxc8 30. Qc6 Qd8 31. Qe4 Nc5 32. Qf3 Nd3 33. Qe4 Nc5 1/2-1/2

[Event "Forchheim op-A 13th"]
[Site "Forchheim"]
[Date "2014.10.03"]
[Round "1"]
[White "Hilverda, Alexander"]
[Black "Berndt, Matthias"]
[Result "1-0"]
[WhiteElo "2296"]
[BlackElo "2148"]
[PlyCount "87"]
[EventDate "2014.10.03"]
[EventType "swiss"]
[EventRounds "5"]
[EventCountry "GER"]
[SourceTitle "EXT 2019"]
[Source "ChessBase"]
[SourceDate "2018.10.10"]
[SourceVersion "1"]
[SourceVersionDate "2018.10.10"]
[SourceQuality "1"]

1. d4 d5 2. c4 dxc4 3. Nf3 Nf6 4. e3 e6 5. Bxc4 c5 6. 0-0 Nc6 7. Nc3 a6 8. a4 Be7 9. Qe2 Qc7 10. dxc5 Bxc5 11. h3 0-0 12. e4 Nd4 13. Nxd4 Bxd4 14. Rd1 Qe5 15. Be3 Bxc3 16. bxc3 Qxe4 17. Bd3 Qe5 18. Qf3 Qh5 19. g4 Qh4 20. Bf1 Re8 21. g5 Ne4 22. Rd4 Nxg5 23. Qg2 Nxh3+ 24. Qxh3 Qxh3 25. Bxh3 e5 26. Rh4 Bxh3 27. Rxh3 Rac8 28. Bb6 Rc6 29. a5 f5 30. Rd1 Rce6 31. Rd7 R6e7 32. Rhd3 e4 33. R3d5 f4 34. Bc5 Re5 35. Rxe5 Rxe5 36. Bd4 Rg5+ 37. Kf1 f3 38. Rxb7 h5 39. Ke1 h4 40. Kd2 h3 41. Rb1 Kf7 42. Ke3 Rg4 43. c4 Ke6 44. Rh1 1-0

[Event "Rostock SSC op 13th"]
[Site "Rostock"]
[Date "2014.07.25"]
[Round "4"]
[White "Berndt, Matthias"]
[Black "Kliewe, Hans Juergen"]
[Result "1/2-1/2"]
[WhiteElo "2143"]
[BlackElo "2020"]
[PlyCount "89"]
[EventDate "2014.07.23"]
[EventType "swiss"]
[EventRounds "7"]
[EventCountry "GER"]
[SourceTitle "EXT 2018"]
[Source "ChessBase"]
[SourceDate "2017.10.13"]
[SourceVersion "1"]
[SourceVersionDate "2017.10.13"]
[SourceQuality "1"]

1. e4 e6 2. d3 d5 3. Nd2 c5 4. g3 Nc6 5. Bg2 Nf6 6. f4 dxe4 7. dxe4 e5 8. Ngf3 exf4 9. gxf4 Ng4 10. Qe2 Be7 11. 0-0 0-0 12. h3 Nf6 13. Rd1 Qc7 14. e5 Nh5 15. Ne4 g6 16. Be3 b6 17. Nc3 Be6 18. Nd5 Bxd5 19. Rxd5 Rad8 20. c4 Nb4 21. Rxd8 Rxd8 22. Ne1 Nc6 23. Bd5 Nb4 24. Qg2 Qd7 25. Rd1 Qf5 26. Qg4 Ng7 27. a3 Na6 28. Qxf5 Nxf5 29. Bc1 Nc7 30. Kg2 Nd4 31. Be4 Nce6 32. Be3 Kg7 33. Nd3 Bh4 34. Nf2 Be7 35. Rd2 Bh4 36. Nd1 Be1 37. Rd3 h5 38. Bd5 Nf5 39. Kf3 Bh4 40. Nc3 Be7 41. Ne2 Bh4 42. Be4 Rxd3 43. Bxd3 Nxe3 44. Kxe3 f5 45. exf6+ 1/2-1/2

[Event "Hessenliga 1213"]
[Site "Germany"]
[Date "2012.12.02"]
[Round "4.2"]
[White "Berndt, Matthias"]
[Black "Will, Dominik"]
[Result "0-1"]
[WhiteElo "2142"]
[BlackElo "2085"]
[PlyCount "58"]
[EventDate "2012.09.16"]
[EventType "team-tourn"]
[EventRounds "9"]
[EventCountry "GER"]
[SourceTitle "EXT 2014"]
[Source "ChessBase"]
[SourceDate "2013.11.20"]
[SourceVersion "1"]
[SourceVersionDate "2013.11.20"]
[SourceQuality "1"]
[WhiteTeam "Fulda"]
[BlackTeam "Bad Nauheim"]
[WhiteTeamCountry "GER"]
[BlackTeamCountry "GER"]

1. e4 c5 2. Nc3 Nc6 3. g3 g6 4. Bg2 Bg7 5. d3 d6 6. Be3 Nf6 7. h3 0-0 8. Qd2 Rb8 9. f4 Qc7 10. Nf3 b5 11. a3 a5 12. 0-0 b4 13. axb4 axb4 14. Ne2 Bb7 15. g4 c4 16. g5 Nd7 17. d4 e6 18. f5 exf5 19. exf5 gxf5 20. Nh4 Ne7 21. Ng3 c3 22. bxc3 Bxg2 23. Kxg2 Nd5 24. Nhxf5 Qxc3 25. Qxc3 bxc3 26. Bg1 Rb2 27. Nh5 Nb4 28. Nhxg7 Nxc2 29. Rf2 Nxa1 0-1

[Event "Hessenliga 1213"]
[Site "Germany"]
[Date "2012.10.07"]
[Round "2.3"]
[White "Emmerich, Dirk"]
[Black "Berndt, Matthias"]
[Result "0-1"]
[WhiteElo "2218"]
[BlackElo "2142"]
[PlyCount "100"]
[EventDate "2012.09.16"]
[EventType "team-tourn"]
[EventRounds "9"]
[EventCountry "GER"]
[SourceTitle "EXT 2014"]
[Source "ChessBase"]
[SourceDate "2013.11.20"]
[SourceVersion "1"]
[SourceVersionDate "2013.11.20"]
[SourceQuality "1"]
[WhiteTeam "Dotzheim"]
[BlackTeam "Fulda"]
[WhiteTeamCountry "GER"]
[BlackTeamCountry "GER"]

1. e4 e6 2. d3 d5 3. Nd2 Nf6 4. Ngf3 Nc6 5. g3 Bc5 6. Bg2 dxe4 7. dxe4 e5 8. 0-0 0-0 9. Qe2 b6 10. Nb3 Bd6 11. Bd2 a5 12. Rfd1 Ba6 13. Qe1 Qe7 14. Nh4 Qe6 15. Nf5 a4 16. Nc1 Rfd8 17. Nd3 Bf8 18. Bc3 Bxd3 19. cxd3 Bc5 20. a3 Nd4 21. Rac1 c6 22. Bxd4 exd4 23. h3 Ra5 24. Qd2 g6 25. Nh4 Bf8 26. Nf3 Rb5 27. Qc2 c5 28. Rb1 Qb3 29. Qe2 Bh6 30. Ne5 Qe6 31. f4 Nh5 32. Qf3 Rb3 33. Ng4 Bg7 34. Nf2 Bh6 35. Ng4 Bg7 36. e5 c4 37. Nf2 c3 38. bxc3 dxc3 39. Ra1 Bf8 40. Ne4 c2 41. Re1 Bxa3 42. g4 Rbxd3 43. Qf2 Qb3 44. gxh5 Rd1 45. hxg6 hxg6 46. Qh4 Qe3+ 47. Kh2 Qxe1 48. Qh6 Qg1+ 49. Kg3 R8d3+ 50. Kh4 Be7+ 0-1

[Event "Berlin Lichtenberger op 11th"]
[Site "Berlin"]
[Date "2012.08.23"]
[Round "6"]
[White "Fischoeder, Heiko"]
[Black "Berndt, Matthias"]
[Result "1/2-1/2"]
[WhiteElo "1970"]
[BlackElo "2142"]
[PlyCount "97"]
[EventDate "2012.08.18"]
[EventType "swiss"]
[EventRounds "9"]
[EventCountry "GER"]
[SourceTitle "CBM 150 Extra"]
[Source "ChessBase"]
[SourceDate "2012.10.19"]
[SourceVersion "1"]
[SourceVersionDate "2012.10.19"]
[SourceQuality "1"]

1. d4 d5 2. c4 dxc4 3. e4 c5 4. d5 Nf6 5. Nc3 b5 6. Bf4 Ba6 7. e5 b4 8. exf6 bxc3 9. bxc3 gxf6 10. Bxc4 Bxc4 11. Qa4+ Nd7 12. Qxc4 Nb6 13. Qb5+ Qd7 14. Qxd7+ Kxd7 15. 0-0-0 Bg7 16. Ne2 Rhd8 17. Rd2 Ke8 18. Rhd1 f5 19. Kc2 e6 20. dxe6 fxe6 21. Rd6 Rxd6 22. Rxd6 Kf7 23. Rc6 Bf8 24. Be3 Rc8 25. Rxc8 Nxc8 26. c4 Nb6 27. Kb3 Ke8 28. Bf4 Kd7 29. Be5 Kc6 30. Nf4 Bd6 31. Nd3 Nd7 32. f4 Bxe5 33. fxe5 Kb6 34. g3 Nb8 35. Nf4 Nc6 36. Nxe6 Nxe5 37. Ng7 Nf3 38. Nxf5 Nxh2 39. Kc3 Ng4 40. Ne7 Kc7 41. Nf5 Kd7 42. Kd3 Ke6 43. Ne3 Nxe3 44. Kxe3 Ke5 45. Kd3 h6 46. Ke3 h5 47. Kd3 Kf5 48. Ke3 Kg4 49. Kf2 1/2-1/2

[Event "Berlin Lichtenberger op 11th"]
[Site "Berlin"]
[Date "2012.08.18"]
[Round "1"]
[White "Berndt, Matthias"]
[Black "Schlittermann, Wolfgang"]
[Result "1/2-1/2"]
[WhiteElo "2142"]
[BlackElo "1755"]
[PlyCount "86"]
[EventDate "2012.08.18"]
[EventType "swiss"]
[EventRounds "9"]
[EventCountry "GER"]
[SourceTitle "CBM 150 Extra"]
[Source "ChessBase"]
[SourceDate "2012.10.19"]
[SourceVersion "1"]
[SourceVersionDate "2012.10.19"]
[SourceQuality "1"]

1. e4 c5 2. Nc3 e6 3. g3 Nc6 4. Bg2 Nf6 5. f4 d6 6. Nf3 Be7 7. d3 a6 8. 0-0 0-0 9. h3 Rb8 10. g4 Nd7 11. g5 f6 12. h4 fxg5 13. hxg5 b5 14. Ne2 Qe8 15. Ng3 Bd8 16. c3 Bb6 17. Kh2 Ne7 18. Bh3 Nc6 19. a4 Bc7 20. axb5 axb5 21. Qb3 Nd8 22. Bd2 Nb6 23. Rae1 c4 24. Qc2 cxd3 25. Qxd3 Nc4 26. Bc1 Kh8 27. b3 Na5 28. Nd4 e5 29. Ndf5 Nxb3 30. Nxd6 Bxd6 31. Qxd6 Bxh3 32. Kxh3 Qe6+ 33. Qxe6 Nxe6 34. f5 Nxc1 35. fxe6 Nd3 36. Rxf8+ Rxf8 37. e7 Re8 38. Rb1 Rxe7 39. Rxb5 g6 40. Rb8+ Kg7 41. Rd8 Nf4+ 42. Kg4 Rc7 43. c4 Rxc4 1/2-1/2